AIR POLLUTION AND ITS IMPACTS ON PLANTS GROWTH (Record no. 216180)
[ view plain ]
| 000 -LEADER | |
|---|---|
| fixed length control field | 00484nam a22001577a 4500 |
| 008 - FIXED-LENGTH DATA ELEMENTS--GENERAL INFORMATION | |
| fixed length control field | 251113b |||||||| |||| 00| 0 eng d |
| 020 ## - INTERNATIONAL STANDARD BOOK NUMBER | |
| International Standard Book Number | 979-8-8875-001-7 |
| 100 ## - MAIN ENTRY--PERSONAL NAME | |
| Personal name | PALIWAL, SUDERSHAN |
| 245 ## - TITLE STATEMENT | |
| Title | AIR POLLUTION AND ITS IMPACTS ON PLANTS GROWTH |
| 260 ## - PUBLICATION, DISTRIBUTION, ETC. | |
| Place of publication, distribution, etc. | DUBLIN |
| Name of publisher, distributor, etc. | ORYSON PRESS |
| Date of publication, distribution, etc. | 2023 |
| 300 ## - PHYSICAL DESCRIPTION | |
| Extent | V, 298P. |
| 500 ## - GENERAL NOTE | |
| General note | INCLUDES INDEX |
| 650 ## - SUBJECT ADDED ENTRY | |
| Topical term or geographic name entry element | 1. PLANTS -EFFECTS OF AIR POLLUTION 2. AIR POLLUTION PHYSIOLOGICAL EFFECTS |
| 942 ## - ADDED ENTRY ELEMENTS (KOHA) | |
| Source of classification or shelving scheme | Library of Congress Classification |
| Koha item type | Long Loan Book |
| Withdrawn status | Lost status | Source of classification or shelving scheme | Damaged status | Not for loan | Collection | Home library | Current library | Shelving location | Date acquired | Inventory number | Total checkouts | Full call number | Barcode | Date last seen | Copy number | Price effective from | Koha item type |
|---|---|---|---|---|---|---|---|---|---|---|---|---|---|---|---|---|---|
| Library of Congress Classification | Science & Technology | Kisii University Library | Kisii University Library | On Display | 11/13/2025 | 109749 | QH 545 .A25P35 2023 | 000000024696 | 11/13/2025 | C.1 | 11/13/2025 | Long Loan Book | |||||
| Library of Congress Classification | Science & Technology | Kisii University Library | Kisii University Library | On Display | 11/13/2025 | 109750 | QH 545 .A25P35 2023 | 000000024697 | 11/13/2025 | C.2 | 11/13/2025 | Long Loan Book | |||||
| Library of Congress Classification | Science & Technology | Kisii University Library | Kisii University Library | On Display | 11/13/2025 | 109751 | QH 545 .A25P35 2023 | 000000024698 | 11/13/2025 | C.3 | 11/13/2025 | Long Loan Book | |||||
| Library of Congress Classification | Science & Technology | Kisii University Library | Kisii University Library | On Display | 11/13/2025 | 109752 | QH 545 .A25P35 2023 | 000000024699 | 11/13/2025 | C.4 | 11/13/2025 | Long Loan Book |